Geography Quiz

Random Geography or World Quiz

Countries With the Largest Metros Quiz Stats

 Plays Quiz Updated Nov 20, 2011

Challenge
Share
Tweet
Embed
Score 0/100 Timer 06:00
36 Plays Today
Population Country % Correct
19,425,000United States
99.4%
12,762,000United States
99.4%
9,204,000United States
99.4%
5,750,000United States
99.4%
5,626,000United States
99.4%
4,951,000United States
99.4%
4,691,000United States
99.4%
4,605,000United States
99.4%
4,593,000United States
99.4%
4,460,000United States
99.4%
4,200,000United States
99.4%
3,684,000United States
99.4%
3,541,000United States
99.4%
7,069,000China
99%
16,575,000China
98.9%
12,385,000China
98.9%
9,401,000China
98.9%
9,005,000China
98.9%
8,884,000China
98.9%
7,884,000China
98.9%
7,681,000China
98.9%
5,347,000China
98.9%
5,166,000China
98.9%
4,969,000China
98.9%
4,961,000China
98.9%
4,747,000China
98.9%
4,591,000China
98.9%
4,251,000China
98.9%
3,860,000China
98.9%
3,597,000China
98.9%
3,502,000China
98.9%
36,669,000Japan
97.9%
11,337,000Japan
97.9%
19,460,000Mexico
97.2%
Population Country % Correct
4,402,000Mexico
97.2%
3,896,000Mexico
97.2%
22,157,000India
96.8%
20,262,000Brazil
96.8%
20,041,000India
96.8%
15,552,000India
96.8%
11,950,000Brazil
96.8%
7,547,000India
96.8%
7,218,000India
96.8%
6,751,000India
96.8%
5,852,000Brazil
96.8%
5,717,000India
96.8%
5,002,000India
96.8%
4,168,000India
96.8%
4,092,000Brazil
96.8%
3,918,000Brazil
96.8%
3,905,000Brazil
96.8%
3,871,000Brazil
96.8%
3,719,000Brazil
96.8%
3,462,000Brazil
96.8%
3,364,000India
96.8%
10,485,000France
96.7%
10,550,000Russia
96.6%
4,575,000Russia
96.6%
8,631,000United Kingdom
96.4%
3,450,000Germany
95.6%
5,449,000Canada
93.7%
3,783,000Canada
93.7%
13,074,000Argentina
92.4%
5,851,000Spain
91.2%
5,083,000Spain
91.2%
3,670,000South Africa
91.1%
3,405,000South Africa
91.1%
11,001,000Egypt
90.5%
Population Country % Correct
4,387,000Egypt
90.5%
4,429,000Australia
90.3%
3,853,000Australia
90.3%
7,241,000Iran
84.9%
13,125,000Pakistan
84.1%
7,132,000Pakistan
84.1%
9,210,000Indonesia
83.7%
9,773,000South Korea
82.3%
3,425,000South Korea
82.3%
5,952,000Chile
81.7%
5,891,000Iraq
80.5%
10,525,000Turkey
80.4%
3,906,000Turkey
80.4%
6,976,000Thailand
76.1%
6,167,000Vietnam
76.1%
8,500,000Colombia
76.1%
3,594,000Colombia
76.1%
8,941,000Peru
75.9%
10,578,000Nigeria
75.4%
3,395,000Nigeria
75.4%
4,848,000Saudi Arabia
73%
14,648,000Bangladesh
68%
4,962,000Bangladesh
68%
11,628,000Philippines
65%
3,523,000Kenya
63.1%
4,837,000Singapore
59.5%
3,731,000Afghanistan
58.1%
8,754,000Congo, Dem. Rep.
55.3%
5,172,000Sudan
53.1%
4,350,000Myanmar
48.5%
4,772,000Angola
30%
4,125,000Côte d'Ivoire
24.6%

You're not logged in!

Compare scores with friends on all Sporcle quizzes.
Join for Free
OR
Log In

You Might Also Like...

Show Comments

Extras

Top Quizzes Today


Score Distribution

Your Account Isn't Verified!

In order to create a playlist on Sporcle, you need to verify the email address you used during registration. Go to your Sporcle Settings to finish the process.

Report this User

Report this user for behavior that violates our Community Guidelines.

Details: